| 000 | 01416cam a2200385 a 4500 | ||
|---|---|---|---|
| 999 |
_c21467 _d21467 |
||
| 001 | 15629687 | ||
| 003 | OSt | ||
| 005 | 20200611123340.0 | ||
| 008 | 090218s2009 ii a b 000 0 eng d | ||
| 010 | _a 2009341314 | ||
| 020 | _a9780195696622 (hbk.) | ||
| 020 | _a019569662X (hbk.) | ||
| 025 | _aI-E-2009-341314; 56-92 | ||
| 035 | _a(OCoLC)ocn302183130 | ||
| 035 | _a(OCoLC)302183130 | ||
| 037 |
_aLibrary of Congress -- New Delhi Overseas Office _cRs750.00 |
||
| 040 |
_aEQO _coclc _dBWX _dDKAGE _dDLC |
||
| 042 |
_alccopycat _alcode |
||
| 050 | 0 | 0 |
_aBL2015.S6 _bA53 2009 |
| 082 | 0 | 4 |
_a200.954 _222 _bDUB/A |
| 100 |
_92785 _aDube, Ishita Banerjee |
||
| 245 | 0 | 0 |
_aAncient to modern : _breligion, power, and community in India / _cedited by Ishita Banerjee-Dube, Saurabh Dube. |
| 260 |
_aNew Delhi ; _aOxford : _bOxford University Press, _c2009. |
||
| 300 |
_ax, 388 p. : _bill. ; _c23 cm. |
||
| 504 | _aIncludes bibliographical references. | ||
| 650 | 0 | _aReligion in literature. | |
| 650 | 0 |
_aIdentity (Psychology) _xReligious aspects. |
|
| 651 | 0 |
_aIndia _xReligion. |
|
| 700 | 1 | _aBanerjee-Dube, Ishita. | |
| 700 | 1 | _aDube, Saurabh. | |
| 856 | 4 | 1 |
_3Table of contents only _uhttp://www.loc.gov/catdir/toc/fy0903/2009341314.html |
| 906 |
_a7 _bcbc _ccopycat _d3 _encip _f20 _gy-gencatlg |
||
| 942 |
_2ddc _cBK _h200.954 _iDUB/A _k200.954 _mDUB/A |
||